MDQL
is popping MORE tags! Check the
thread
!
Quizzes
Events
Quiz Creation
Community
Videos
Private Events
Remove Ads
Sign In
Join for FREE
Feedback
Dark Mode
Quiz Categories
Sports
Geography
Music
Movies
Television
Just For Fun
Miscellaneous
History
Literature
Language
Science
Gaming
Entertainment
Religion
Holiday
For Kids
Quiz Lab
Recent
Popular Today
Quiz Kudos Today
Editor Picks
Curator Picks
Quizzes by...
Day
Popularity
Type
Ratings
Length
Year
Community
Subscriptions
Recent Discussions
Orange Saloon
Badges
Playlists
Quests
Create
Leaderboards
Showdown
Live 5
Trivia Bingo
Activity
Puzzle Library
Sporcle Events
Private Events
Virtual Trivia
Globe League
Become a Host
Pub Owners
SporcleCon
Opinionation
Our Games
Videos
Blog
Mobile Apps
Partnerships
Remove Ads and Go Orange
Feedback
Entertainment
Celebrity
Famous
Musical
Broadway
Show
Quote
Comic Books
Anime
Superhero
DC Comics
Marvel
Cartoons
Animation
Entertainment
Celebrity
Famous
Musical
Broadway
Show
Quote
Comic Books
Anime
Superhero
DC Comics
Marvel
Cartoons
Animation
Random Quiz
Search Sporcle
×
Quiz Lab
Quiz Lab
Entertainment
bleach
Type in answers that appear in a list
Type in answers that appear in a list
Classic
Best Score? Go Orange.
Bleach-Quincy Quiz Stats
Can you name the Quincy items and techniques?
By
GenesisRhapsodos
5m
11 Questions
112 Plays
112 Plays
112 Plays
Comments
Comments
Give Quiz Kudos
Give Quiz Kudos
-
- Ratings
hide this ad
Forced Order
Answers have to be entered in order
Answers have to be entered in order
Replay
Link that replays current quiz
Next Quiz
Link to next quiz in quiz playlist
You Got
0%
They Got
Avg Score
26%
Avg Friend Score
Upgrade to see
Score Distribution
Jump to the score distribution portion of the page
Score
0/11
Timer
05:00
0
Plays Today
Description
Name
% Correct
#1)The most used form of combat among the Quincy.
Archery
94.6%
#2)Standard equipment for any Quincy, it acts as the focus for a Quincy's main weapon.
Quincy Cross
40.2%
#4)A thin sword that can be fired similarly to an arrow.
Seele Schneider
36.6%
#7)To perform this technique, the Quincy gathers spiritual particles under their feet to move quickly over short distances.
Hirenkyaku
26.8%
#5)Small liquid-
filled capsules that store spiritual energy.
Gintō
23.2%
#3)Increases a Quincy's power exponentially if worn for a week while constantly firing spiritual arrows.
Sanrei Glove
22.3%
#11)A high level technique that allows the user to control their body parts using strings of spirit energy controlled by their brain.
Ransōtengai
13.4%
#6)A Quincy's final form.
Quincy: Letzt Stil
12.5%
#9)A technique that requires the object in #5. It forms a large pentacle that envelopes the target.
Gritz
9.8%
#10) A technique that requires the object in #5
Wolke
8%
#8)A technique that requires the object in #5. It creates a transparent, rectangular beam of energy that slices through the target.
Heizen
7.1%
Quiz Playlist
Details
Report
Send in Message
Add To Playlist
Classic:
Type in answers that appear in a list
Forced Order:
Answers have to be entered in order
Last Updated: Feb 16, 2017
Quiz Scoreboard
CHALLENGE
Sign Up to Join the Scoreboard
Show All
Scores
Hide
Comments
May contain spoilers
Recently Published
Street Fighter Characters
by Artimus82
Gaming
60s
9x9 Crossword: Cartoon Network
by jackfrog10
Miscellaneous
3m
College Basketball Coaching Resumes
by pancakes188
Sports
9m
More to Explore
Quiz From the Vault
Featured Blog Post
Where Did the Easter Bunny Come From?
hide this ad
You Might Also Like...
Tags
bleach
Bleach Anime
Bleach Characters
Today's Top Quizzes in Entertainment
Browse Entertainment
hide this ad
Today's Top Quizzes in bleach
Browse bleach
Top Contributed Quizzes in Entertainment
1
7-to-1: DC Comics Villains
2
Marvel Characters Bunker
3
Eurovision 2023 Logic Puzzle
4
Dragon Ball Z: Goku's Fights in Order
5
Sorting Pictures: Villains
6
Criteria Quickie: Cartoon Taxonomy II
7
7-to-1: One Piece
8
Mini Trivia Sudoku: Musicals
9
Fictional Villains Letter U Blitz
10
Kamen Rider Motifs
Explore More
Trending Topics
NBA
Crossword
Marvel
Anime
Harry Potter
Kpop
Disney
The Office
Country
Soccer
NFL
Puzzle
Song
WWE
Pokémon
hide this ad
More By:
GenesisRhapsodos
Quiz
Plays
Rating
Category
Featured
Created
Naruto Character Quotes
2,054
3.38
Entertainment
Mar 12, 2011
Bleach-Nicknames from Yachiru
1,227
4.00
Entertainment
Mar 11, 2011
Naruto Series - Akatsuki Members
1,094
3.00
Entertainment
Mar 15, 2011
Naruto series-Name the Kages
747
2.50
Entertainment
Mar 4, 2011
Compilation of Final Fantasy VII Quotes
636
3.57
Gaming
Feb 26, 2011
Go to Creator's Profile
Score Distribution
Quiz Creator Spotlight
GenesisRhapsodos
Follow
Send a Message
Quizzes Created
-
Created Quiz Play Count
-
More By This Creator
Popular Quizzes Today
1
Find the US States - No Outlines Minefield
2
Find the Countries of Europe - No Outlines Minefield
3
The Countries of the World
4
Find the US States
5
Risky Map Clicking: Biggest States A-Z
6
US States
7
Popular People in 1961
8
Movies - When Are They Set?
More Entertainment Quizzes
99 Heartstopper (TV) Quotes
Quiz Lab
Trending Quizzes
Risky Map Clicking: Least Populous States A-Z
Countries of the World: 200 Million BC
1-10 Letter G Words
Risky Map Clicking: Next State Alphabetically
Adjectives in 80s TV Shows
Recently Updated
Leaping Animals
pecheneg
Reality TV Shows (A-Z)
bhenderson79
Rickey Henderson's Hall of Fame Teammates
pecheneg
Champions League XIs: Arsenal
pecheneg
Quick Pick: Celebrities in WWE's Hall of Fame
aduchscher
A-Z Keypad Blitz II
pecheneg
Multiple Oscar Actors
pecheneg
Mystery Phrase Blitz: Oscar 'Best Actors'
pecheneg
F. Scott Fitzgerald Novels
LTH
Pick 3 Villains
ddd62291
Trending Topics
NBA
Crossword
Marvel
Anime
Harry Potter
Disney
Kpop
WWE
Puzzle
Pokémon
The Office
Song
NFL
Country
Soccer
Your Account Isn't Verified!
In order to create a playlist on Sporcle, you need to verify the email address you used during registration. Go to your
Sporcle Settings
to finish the process.
Report this User
Report this user for behavior that violates our
Community Guidelines
.
Details:
Send Report
Go to the Sporcle.com Mobile Site →
Comments